Primary mother care and population (Record no. 17688)

MARC details
000 -LEADER
fixed length control field 00489nam a22001577a 4500
008 - FIXED-LENGTH DATA ELEMENTS--GENERAL INFORMATION
fixed length control field 190522b xxu||||| |||| 00| 0 eng d
020 ## - INTERNATIONAL STANDARD BOOK NUMBER
International Standard Book Number 9966724958
040 ## - CATALOGING SOURCE
Original cataloging agency KABU
Transcribing agency KABU
050 ## - LIBRARY OF CONGRESS CALL NUMBER
Classification number RA792
Item number .P75 2011 c. 1
245 ## - TITLE STATEMENT
Title Primary mother care and population
Statement of responsibility, etc. edited by Glen Mola, ...[et al.].
260 ## - PUBLICATION, DISTRIBUTION, ETC. (IMPRINT)
Place of publication, distribution, etc. Nairobi, Kenya
Name of publisher, distributor, etc. Acrodile Publishing Ltd.
Date of publication, distribution, etc. 2011
300 ## - PHYSICAL DESCRIPTION
Extent ? p.
650 ## - SUBJECT ADDED ENTRY--TOPICAL TERM
Topical term or geographic name as entry element Primary care (medicine)
700 ## - ADDED ENTRY--PERSONAL NAME
Personal name Mola, Glen ...[et al.].
942 ## - ADDED ENTRY ELEMENTS (KOHA)
Source of classification or shelving scheme Library of Congress Classification
Koha item type General Collection
Classification part RA792
Holdings
Withdrawn status Lost status Source of classification or shelving scheme Not for loan Home library Current library Date acquired Cost, normal purchase price Total Checkouts Full call number Barcode Date last seen Copy number Price effective from Koha item type
    Library of Congress Classification   Kabarak, Main Campus Kabarak, Main Campus 22/05/2019 2320.00   RA792 .P75 2011 c. 1 025285 22/05/2019 c. 1 22/05/2019 General Collection
    Library of Congress Classification   Kabarak, Main Campus Kabarak, Main Campus 22/05/2019 2320.00   RA792 .P75 2011 c. 2 025286 22/05/2019 c. 2 22/05/2019 General Collection
Designed with assistance from East African Informatics Ltd